[Event "DVM U14 2014"]
[Site "Regensburg GER"]
[Date "2014.12.29"]
[Round "5"]
[White "Buchloh, Falk"]
[Black "Sammet, Dominik"]
[Result "1/2-1/2"]
[Termination "normal"]
[Board "2.4"]
[WhiteElo "1558"]
[BlackElo "1551"]
[WhiteClock "00:12:03"]
[BlackClock "00:12:32"]
[WhiteTeam "Hagener SV"]
[BlackTeam "SC Bavaria Regensburg"]
[PlyCount "131"]
[WhiteFideId "12960691"]
[BlackFideId "12987875"]
[EventCountry "GER"]
[EventRounds "7"]
[EventType "team-swiss"]
[EventDate "2014.12.26"]

1. d4 {[%clk 1:30:58]} Nf6 {[%clk 1:30:48]} 2. Bf4 {[%clk 1:31:14]} c5 {[%clk
1:29:14]} 3. Nf3 {[%clk 1:28:49]} d5 {[%clk 1:27:53]} 4. Nc3 {[%clk 1:27:22]}
Bf5 {[%clk 1:26:29]} 5. e3 {[%clk 1:19:37]} e6 {[%clk 1:25:30]} 6. Bd3 {[%clk
1:18:45]} Bxd3 {[%clk 1:24:16]} 7. cxd3 {[%clk 1:18:44]} Nc6 {[%clk 1:18:15]}
8. dxc5 {[%clk 1:15:08]} Bxc5 {[%clk 1:17:21]} 9. d4 {[%clk 1:13:58]} Bb4
{[%clk 1:17:27]} 10. O-O {[%clk 1:13:05]} O-O {[%clk 1:16:13]} 11. Qb3 {[%clk
1:07:43]} b6 {[%clk 1:10:57]} 12. Rac1 {[%clk 1:01:39]} Bd6 {[%clk 1:07:08]}
13. Bxd6 {[%clk 0:55:54]} Qxd6 {[%clk 1:07:32]} 14. Nb5 {[%clk 0:54:23]} Qd7
{[%clk 1:07:43]} 15. Qa4 {[%clk 0:38:43]} a6 {[%clk 1:04:42]} 16. Nc3 {[%clk
0:36:01]} b5 {[%clk 1:00:03]} 17. Qd1 {[%clk 0:33:46]} Rfc8 {[%clk 0:50:34]}
18. a3 {[%clk 0:30:15]} Ra7 {[%clk 0:48:42]} 19. b4 {[%clk 0:29:27]} Rac7
{[%clk 0:47:52]} 20. Qd2 {[%clk 0:26:53]} Qd6 {[%clk 0:43:34]} 21. Qd3 {[%clk
0:17:50]} Nxb4 {[%clk 0:27:42]} 22. axb4 {[%clk 0:17:53]} Qxb4 {[%clk 0:28:05]}
23. Ne2 {[%clk 0:16:11]} Rxc1 {[%clk 0:26:52]} 24. Rxc1 {[%clk 0:16:34]} Rxc1+
{[%clk 0:26:59]} 25. Nxc1 {[%clk 0:16:57]} Qc4 {[%clk 0:27:11]} 26. Qd1 {[%clk
0:13:35]} Nd7 {[%clk 0:24:42]} 27. Nd2 {[%clk 0:12:56]} Qc7 {[%clk 0:21:36]}
28. Na2 {[%clk 0:10:43]} a5 {[%clk 0:19:44]} 29. Qc1 {[%clk 0:10:27]} Qxc1+
{[%clk 0:19:35]} 30. Nxc1 {[%clk 0:10:51]} a4 {[%clk 0:19:45]} 31. Na2 {[%clk
0:10:44]} Nb6 {[%clk 0:20:08]} 32. Nb1 {[%clk 0:08:58]} Nc8 {[%clk 0:20:29]}
33. Kf1 {[%clk 0:08:30]} Kf8 {[%clk 0:20:58]} 34. Ke2 {[%clk 0:08:47]} Ke7
{[%clk 0:21:03]} 35. Kd2 {[%clk 0:09:04]} Kd7 {[%clk 0:21:18]} 36. Kc3 {[%clk
0:08:41]} Kc6 {[%clk 0:20:58]} 37. Kb4 {[%clk 0:08:25]} Kb6 {[%clk 0:21:17]}
38. Nac3 {[%clk 0:08:31]} Na7 {[%clk 0:21:42]} 39. Nxa4+ {[%clk 0:01:30]} bxa4
{[%clk 0:21:59]} 40. Kxa4 {[%clk 0:01:53]} Nc8 {[%clk 0:21:16]} 41. Nd2 {[%clk
0:02:11]} Nd6 {[%clk 0:21:32]} 42. Nf3 {[%clk 0:01:57]} f6 {[%clk 0:21:32]} 43.
Nd2 {[%clk 0:01:37]} g5 {[%clk 0:16:30]} 44. g4 {[%clk 0:28:01]} Ne4 {[%clk
0:44:29]} 45. Nxe4 {[%clk 0:25:30]} dxe4 {[%clk 0:44:58]} 46. Kb4 {[%clk
0:23:04]} Kc6 {[%clk 0:44:37]} 47. Kc4 {[%clk 0:22:44]} Kd6 {[%clk 0:44:39]}
48. Kc3 {[%clk 0:18:47]} Kd5 {[%clk 0:42:35]} 49. Kb4 {[%clk 0:12:52]} f5
{[%clk 0:40:48]} 50. h3 {[%clk 0:12:26]} f4 {[%clk 0:39:33]} 51. Kc3 {[%clk
0:11:14]} Kc6 {[%clk 0:34:19]} 52. Kc4 {[%clk 0:10:54]} Kd6 {[%clk 0:34:24]}
53. Kc3 {[%clk 0:10:52]} Ke7 {[%clk 0:31:08]} 54. Kc4 {[%clk 0:11:06]} Kd6
{[%clk 0:24:35]} 55. Kc3 {[%clk 0:11:23]} Kc7 {[%clk 0:23:56]} 56. Kc4 {[%clk
0:11:41]} Kc6 {[%clk 0:24:08]} 57. Kb4 {[%clk 0:11:08]} Kb6 {[%clk 0:19:41]}
58. Ka4 {[%clk 0:10:45]} Kc6 {[%clk 0:16:46]} 59. Kb4 {[%clk 0:11:03]} Kd5
{[%clk 0:15:26]} 60. Kc3 {[%clk 0:10:43]} Kd6 {[%clk 0:13:55]} 61. Kc4 {[%clk
0:10:55]} Kc6 {[%clk 0:13:02]} 62. Kb4 {[%clk 0:11:09]} Kd5 {[%clk 0:12:45]}
63. Kc3 {[%clk 0:11:28]} Kd6 {[%clk 0:12:30]} 64. Kc4 {[%clk 0:11:46]} Kc6
{[%clk 0:12:32]} 65. Kb4 {[%clk 0:12:03]} Kd5 66. Kb5 1/2-1/2

[Event "DVM U14 2014"]
[Site "Regensburg GER"]
[Date "2014.12.29"]
[Round "5"]
[White "Browning, Alex"]
[Black "Hofmann, Rares"]
[Result "1/2-1/2"]
[Termination "normal"]
[Board "3.1"]
[WhiteElo "1753"]
[BlackElo "2039"]
[WhiteTeam "Märkischer Springer Halver-Schalksmühle"]
[BlackTeam "TuS Coswig 1920"]
[PlyCount "88"]
[WhiteFideId "12984019"]
[BlackFideId "12976440"]
[EventCountry "GER"]
[EventRounds "7"]
[EventType "team-swiss"]
[EventDate "2014.12.26"]

1. e4 {[%emt 0:00:00]} e5 2. Nf3 Nc6 3. Bb5 a6 4. Ba4 b5 5. Bb3 Nf6 6. O-O Bc5
7. c3 d6 8. d4 Bb6 9. h3 O-O 10. Re1 h6 11. a4 Rb8 12. axb5 axb5 13. Qd3 Bd7
14. Na3 b4 15. Nc2 bxc3 16. bxc3 Re8 17. Qc4 Qe7 18. dxe5 dxe5 19. Ba3 Qe6 20.
Qxe6 Bxe6 21. Ba4 Bd7 22. Rad1 Ra8 23. Bb5 Nb8 24. Bxd7 Nbxd7 25. Nd2 Bc5 26.
Bxc5 Nxc5 27. Nb4 Rad8 28. f3 Na4 29. Nc4 Rxd1 30. Rxd1 Nxc3 31. Rd2 Re6 32.
Rc2 Nb5 33. Ne3 Ne8 34. Rc5 Nd4 35. Ned5 c6 36. Ne3 Nf6 37. Nd3 Nd7 38. Ra5 f6
39. Nc4 Nb3 40. Ra7 Ndc5 41. Nb4 Nd4 42. Rc7 Ncb3 43. Nb6 Kf8 44. Nd7+ Ke8
1/2-1/2

[Event "DVM U14 2014"]
[Site "Regensburg GER"]
[Date "2014.12.29"]
[Round "5"]
[White "Kunath, Tim"]
[Black "Kölz, Niklas"]
[Result "0-1"]
[Termination "normal"]
[Board "3.2"]
[WhiteElo "1699"]
[BlackElo "1719"]
[WhiteTeam "TuS Coswig 1920"]
[BlackTeam "Märkischer Springer Halver-Schalksmühle"]
[PlyCount "84"]
[WhiteFideId "12985074"]
[BlackFideId "12971758"]
[EventCountry "GER"]
[EventRounds "7"]
[EventType "team-swiss"]
[EventDate "2014.12.26"]

1. e4 c5 2. Nf3 e6 3. d4 cxd4 4. Nxd4 a6 5. Bd3 Bc5 6. Nb3 Ba7 7. O-O d6 8. Qe2
Nc6 9. Be3 Nf6 10. Bxa7 Rxa7 11. c4 b6 12. Nc3 O-O 13. f4 e5 14. f5 Nd4 15. Qf2
Nxb3 16. axb3 Qc7 17. b4 Bd7 18. Nd5 Nxd5 19. cxd5 f6 20. Rxa6 Rxa6 21. Bxa6 b5
22. Qe3 Ra8 23. Rc1 Qd8 24. Bb7 Ra4 25. Bc6 Rxb4 26. b3 Rd4 27. Kf2 Kf7 28. Kf3
Ke7 29. g4 h6 30. h4 Qb8 31. g5 hxg5 32. hxg5 Qh8 33. Kg2 Qh4 34. gxf6+ gxf6
35. Rh1 Qg4+ 36. Kf2 Bxf5 37. Rh8 Bxe4 38. Re8+ Kf7 39. Rf8+ Kxf8 40. Qh6+ Qg7
41. Qh5 Qg2+ 42. Ke1 Qd2+ 0-1

[Event "DVM U14 2014"]
[Site "Regensburg GER"]
[Date "2014.12.29"]
[Round "5"]
[White "Hardt, Silas"]
[Black "Lehne, Arwin Hugo"]
[Result "1-0"]
[Termination "normal"]
[Board "3.3"]
[WhiteElo "1477"]
[BlackElo "1454"]
[WhiteTeam "Märkischer Springer Halver-Schalksmühle"]
[BlackTeam "TuS Coswig 1920"]
[PlyCount "145"]
[WhiteFideId "16200667"]
[BlackFideId "12985090"]
[EventCountry "GER"]
[EventRounds "7"]
[EventType "team-swiss"]
[EventDate "2014.12.26"]

1. c4 c5 2. g3 g6 3. Bg2 Bg7 4. Nc3 Nc6 5. e3 Nf6 6. Nge2 O-O 7. O-O d6 8. d4
cxd4 9. exd4 Bg4 10. Bg5 Qd7 11. Re1 Bh3 12. Bh1 Bg4 13. Qd2 Rac8 14. Nd5 Rfe8
15. c5 Bxe2 16. Rxe2 Nxd5 17. Bxd5 Nxd4 18. Ree1 Rxc5 19. Bg2 Rc7 20. Rab1 b6
21. Qf4 Ne6 22. Bh3 Nxf4 23. Bxd7 Rxd7 24. Bxf4 Rc8 25. Bg5 e6 26. b3 Rc2 27.
a4 d5 28. Rbc1 Rdc7 29. Bf4 e5 30. Rxc2 Rxc2 31. Bxe5 Bxe5 32. Rxe5 d4 33. Rd5
Rd2 34. Kf1 Rd3 35. b4 Ra3 36. a5 d3 37. axb6 axb6 38. Ke1 Kg7 39. Kd2 Ra2+ 40.
Ke3 Re2+ 41. Kf3 Rd2 42. Rd6 Rb2 43. Rxb6 d2 44. Ke2 d1=Q+ 45. Kxd1 Rxf2 46. h4
Rg2 47. Rc6 Rxg3 48. Rc4 h5 49. Kc2 Re3 50. b5 Re5 51. Rb4 Re7 52. Kd3 Kf6 53.
b6 Rb7 54. Kd4 Ke6 55. Kc5 Kd7 56. Ra4 Rb8 57. Ra7+ Ke6 58. Kc6 Kf5 59. b7 Kg4
60. Ra4+ Kg3 61. Kc7 Rxb7+ 62. Kxb7 f5 63. Kc6 f4 64. Kd5 f3 65. Ke5 Kh3 66.
Kf6 Kg3 67. Kg5 Kh3 68. Rf4 Kg3 69. Rf6 f2 70. Rxf2 Kxf2 71. Kxg6 Kg3 72. Kxh5
Kf4 73. Kg6 1-0

[Event "DVM U14 2014"]
[Site "Regensburg GER"]
[Date "2014.12.29"]
[Round "5"]
[White "von Koslowski, Wilhelm"]
[Black "Browning, Rebecca"]
[Result "0-1"]
[Termination "normal"]
[Board "3.4"]
[WhiteElo "1394"]
[BlackElo "1471"]
[WhiteTeam "TuS Coswig 1920"]
[BlackTeam "Märkischer Springer Halver-Schalksmühle"]
[PlyCount "84"]
[WhiteFideId "12985147"]
[BlackFideId "12984027"]
[EventCountry "GER"]
[EventRounds "7"]
[EventType "team-swiss"]
[EventDate "2014.12.26"]

1. e4 e6 2. Qe2 b6 3. g3 Bb7 4. Bg2 Be7 5. Nf3 d6 6. O-O Nd7 7. d4 c5 8. c3 a5
9. Re1 Ba6 10. Qe3 Ngf6 11. Nbd2 h6 12. b3 e5 13. Bb2 Ng4 14. d5 Nxe3 15. Rxe3
O-O 16. c4 b5 17. a4 bxc4 18. bxc4 Rb8 19. Bc3 Qc7 20. Ree1 Ra8 21. Rec1 Rfb8
22. Ne1 Bg5 23. Nef3 Bxd2 24. Nxd2 Nb6 25. Bf1 Bc8 26. Ra3 Bd7 27. Rca1 f5 28.
f3 Rf8 29. Bd3 Qd8 30. Kg2 h5 31. Bc2 f4 32. Rh1 Rf6 33. Bb3 Rg6 34. Nf1 Qh4
35. Be1 Qh3+ 36. Kg1 Rb8 37. Bf2 Nxa4 38. Bxa4 Bxa4 39. Ra1 Rb2 40. Rc1 Bb3 41.
Ra1 Bxc4 42. Rc1 Be2 0-1

[Event "DVM U14 2014"]
[Site "Regensburg GER"]
[Date "2014.12.29"]
[Round "5"]
[White "Nicklaus, Timm"]
[Black "Killgus, Leonard"]
[Result "0-1"]
[Termination "normal"]
[Board "4.1"]
[WhiteElo "1522"]
[BlackElo "1724"]
[WhiteTeam "SK König Plauen"]
[BlackTeam "SK Johanneum Eppendorf"]
[PlyCount "112"]
[WhiteFideId "12957143"]
[BlackFideId "12922021"]
[EventCountry "GER"]
[EventRounds "7"]
[EventType "team-swiss"]
[EventDate "2014.12.26"]

1. e4 {[%emt 0:00:00]} c5 2. Nf3 e6 3. d4 cxd4 4. Nxd4 a6 5. Bd3 Nf6 6. O-O d6
7. Nc3 Qc7 8. Be3 g6 9. Qd2 Bg7 10. Bh6 O-O 11. Bxg7 Kxg7 12. Kh1 b5 13. f4 Bb7
14. Rad1 Nfd7 15. b4 Nc6 16. Nxc6 Bxc6 17. Rf3 Rae8 18. Re3 Nb6 19. f5 d5 20.
Rh3 h5 21. Rxh5 Rh8 22. f6+ Kxf6 23. Qg5+ Kg7 24. Rxh8 Rxh8 25. e5 Qd8 26. Qf4
Qh4 27. Qxh4 Rxh4 28. a3 Nc4 29. Bxc4 Rxc4 30. Ne2 Re4 31. Kg1 Rxe5 32. Kf2 Rh5
33. Nd4 Bd7 34. Nf3 f6 35. g3 Rh8 36. h4 Rc8 37. Rc1 e5 38. c3 d4 39. Nd2 Rxc3
40. Rxc3 dxc3 41. Nb3 Be6 42. Nc1 Bc4 43. Ke3 f5 44. Kf3 Kh6 45. Ke3 g5 46.
hxg5+ Kxg5 47. Kf3 Kh5 48. Ke3 Kg4 49. Kf2 f4 50. gxf4 exf4 51. Kg2 f3+ 52. Kf2
Kf4 53. Kg1 Kg3 54. Kh1 f2 55. Ne2+ Bxe2 56. a4 f1=Q# 0-1

[Event "DVM U14 2014"]
[Site "Regensburg GER"]
[Date "2014.12.29"]
[Round "5"]
[White "Keyser, Robin"]
[Black "Linnert, Niklas"]
[Result "1-0"]
[Termination "normal"]
[Board "4.2"]
[WhiteElo "1752"]
[BlackElo "1541"]
[WhiteTeam "SK Johanneum Eppendorf"]
[BlackTeam "SK König Plauen"]
[PlyCount "117"]
[WhiteFideId "12986429"]
[BlackFideId "12974781"]
[EventCountry "GER"]
[EventRounds "7"]
[EventType "team-swiss"]
[EventDate "2014.12.26"]

1. d4 Nf6 2. c4 e6 3. Nf3 c6 4. Qc2 d5 5. g3 Nbd7 6. Bg2 Be7 7. O-O O-O 8. Nbd2
b6 9. e4 dxe4 10. Nxe4 Bb7 11. Bf4 Nxe4 12. Qxe4 Nf6 13. Qe2 Bd6 14. Bxd6 Qxd6
15. Rfd1 Qc7 16. Rd2 Rfd8 17. Rad1 c5 18. dxc5 bxc5 19. Qe5 Rxd2 20. Rxd2 Qxe5
21. Nxe5 Bxg2 22. Kxg2 Kf8 23. Nd7+ Nxd7 24. Rxd7 Ke8 25. Rc7 Rb8 26. b3 a5 27.
Rxc5 a4 28. Rb5 Rxb5 29. cxb5 axb3 30. axb3 e5 31. Kf3 f5 32. Ke3 Kd7 33. Kd3
Kc7 34. Kc4 Kd6 35. b6 Kc6 36. b7 Kxb7 37. Kd5 e4 38. g4 fxg4 39. Kxe4 Kc6 40.
Kf4 Kb5 41. Kxg4 Kb4 42. f4 Kxb3 43. Kg5 Kc4 44. h4 Kd5 45. f5 Ke5 46. h5 Kd6
47. h6 gxh6+ 48. Kxh6 Ke5 49. Kg5 h6+ 50. Kg6 h5 51. f6 h4 52. f7 Kf4 53. f8=Q+
Kg3 54. Qf1 h3 55. Qh1 Kg4 56. Kf6 Kg3 57. Kg5 h2 58. Kf5 Kh3 59. Kf4 1-0

[Event "DVM U14 2014"]
[Site "Regensburg GER"]
[Date "2014.12.29"]
[Round "5"]
[White "Graf, Lucas"]
[Black "Neumann, Oskar"]
[Result "1/2-1/2"]
[Termination "normal"]
[Board "4.3"]
[WhiteElo "1523"]
[BlackElo "1457"]
[WhiteTeam "SK König Plauen"]
[BlackTeam "SK Johanneum Eppendorf"]
[PlyCount "120"]
[WhiteFideId "12974889"]
[BlackFideId "12974218"]
[EventCountry "GER"]
[EventRounds "7"]
[EventType "team-swiss"]
[EventDate "2014.12.26"]

1. e4 c5 2. Nf3 e6 3. d4 cxd4 4. Nxd4 Nf6 5. Bg5 Be7 6. Bd3 a6 7. O-O Qc7 8.
Nd2 d6 9. c3 b5 10. Rc1 Bb7 11. Bb1 d5 12. exd5 Nxd5 13. Bxe7 Qxe7 14. Re1 O-O
15. Qh5 h6 16. N2f3 Nd7 17. Ne5 Nxe5 18. Qxe5 Qf6 19. Qg3 Qf4 20. Qh3 Qg5 21.
Nf3 Qf6 22. Rcd1 Rad8 23. Qg4 Qf4 24. Qh3 Qf6 25. a3 Nf4 26. Qg4 Rxd1 27. Rxd1
Ne2+ 28. Kf1 Bxf3 29. Qxf3 Qxf3 30. gxf3 Nf4 31. Rd6 Ra8 32. Be4 Nd5 33. Bxd5
exd5 34. Rxd5 Rb8 35. Ke2 f6 36. Kd2 Kf7 37. f4 Ke6 38. Rd4 Rc8 39. b4 Rc6 40.
Ke3 Rxc3+ 41. Rd3 Rxd3+ 42. Kxd3 f5 43. Kd4 Kd6 44. f3 g5 45. fxg5 hxg5 46. h3
f4 47. Ke4 Ke6 48. h4 gxh4 49. Kxf4 Kf6 50. Kg4 Ke5 51. f4+ Ke4 52. f5 h3 53.
f6 h2 54. f7 h1=Q 55. f8=Q Qg2+ 56. Kh4 Qh2+ 57. Kg4 Qg2+ 58. Kh4 Ke3 59. Qc5+
Kf4 60. Qd6+ Kf5 1/2-1/2

[Event "DVM U14 2014"]
[Site "Regensburg GER"]
[Date "2014.12.29"]
[Round "5"]
[White "Palzer, Luca"]
[Black "Burian, Simon"]
[Result "0-1"]
[Termination "normal"]
[Board "4.4"]
[WhiteElo "1276"]
[BlackElo "1769"]
[WhiteTeam "SK Johanneum Eppendorf"]
[BlackTeam "SK König Plauen"]
[PlyCount "94"]
[WhiteFideId "16200683"]
[BlackFideId "12956902"]
[EventCountry "GER"]
[EventRounds "7"]
[EventType "team-swiss"]
[EventDate "2014.12.26"]

1. e4 {[%emt 0:00:00]} c5 2. Nf3 e6 3. d4 cxd4 4. Nxd4 Nc6 5. Nb5 d6 6. N1c3 a6
7. Na3 b5 8. Ne2 Nf6 9. Ng3 Be7 10. Be3 O-O 11. Be2 Bb7 12. f3 Rc8 13. O-O Qc7
14. Rc1 Rfd8 15. c4 b4 16. Nc2 Nd7 17. b3 Nc5 18. Qd2 a5 19. Rfd1 Bf6 20. Qe1
Bh4 21. Qd2 Bf6 22. Qe1 g6 23. Kh1 Bg7 24. Qf2 Ne7 25. Bd4 e5 26. Bb2 Ne6 27.
Bf1 h5 28. Ne2 Bh6 29. Rb1 Kh7 30. Bc1 Bg7 31. Bb2 f5 32. exf5 Nxf5 33. Ng3 Rf8
34. Bd3 Nxg3+ 35. hxg3 Nc5 36. Qe3 Bh6 37. Qe2 Rce8 38. Rf1 Qc6 39. Rbe1 Qd7
40. Ne3 Nxd3 41. Qxd3 e4 42. Qd1 exf3 43. gxf3 Qh3+ 44. Kg1 Bxe3+ 45. Rxe3 Rxe3
46. Qd4 Qxg3+ 47. Kh1 Bxf3+ 0-1

[Event "DVM U14 2014"]
[Site "Regensburg GER"]
[Date "2014.12.29"]
[Round "5"]
[White "Schnabel, Bennett"]
[Black "Roos, Jonas"]
[Result "1/2-1/2"]
[Termination "normal"]
[Board "5.1"]
[WhiteElo "1841"]
[BlackElo "1736"]
[WhiteTeam "Treptower SV 1949"]
[BlackTeam "SC Porta Westfalica"]
[PlyCount "84"]
[WhiteFideId "12943290"]
[BlackFideId "16200721"]
[EventCountry "GER"]
[EventRounds "7"]
[EventType "team-swiss"]
[EventDate "2014.12.26"]

1. e4 c5 2. c3 d5 3. exd5 Qxd5 4. d4 g6 5. Nf3 Bg7 6. Na3 Nf6 7. Bc4 Qe4+ 8.
Be3 cxd4 9. Bxf7+ Kf8 10. O-O Bg4 11. Bb3 Nc6 12. cxd4 Rd8 13. Nb5 Ne5 14. Ng5
Bxd1 15. Nxe4 Bxb3 16. Nxf6 Bc4 17. Nc7 Bxf6 18. dxe5 Bxe5 19. Rac1 Bxa2 20.
Bxa7 Kf7 21. f4 Bf6 22. b4 Bd4+ 23. Bxd4 Rxd4 24. b5 Rc8 25. f5 Bc4 26. Ne6 Rd5
27. Rf4 Rxf5 28. Ng5+ Kf6 29. Nxh7+ Kg7 30. Rfxc4 Rxc4 31. Rxc4 Kxh7 32. b6 Rb5
33. Rc7 Rxb6 34. Rxe7+ Kh6 35. Kf2 Rb3 36. g3 b5 37. Rb7 Kg5 38. Rb6 Kf5 39. h4
Rb2+ 40. Kf3 Rb3+ 41. Kf2 b4 42. Rb5+ Ke4 1/2-1/2

[Event "DVM U14 2014"]
[Site "Regensburg GER"]
[Date "2014.12.29"]
[Round "5"]
[White "Gomolinsky, Phil"]
[Black "Hesse, Henrik"]
[Result "0-1"]
[Termination "normal"]
[Board "5.2"]
[WhiteElo "1527"]
[BlackElo "1704"]
[WhiteTeam "SC Porta Westfalica"]
[BlackTeam "Treptower SV 1949"]
[PlyCount "100"]
[WhiteFideId "16200730"]
[BlackFideId "12952060"]
[EventCountry "GER"]
[EventRounds "7"]
[EventType "team-swiss"]
[EventDate "2014.12.26"]

1. e4 e5 2. Nf3 Nf6 3. Nxe5 d6 4. Nf3 Nxe4 5. Nc3 Nxc3 6. dxc3 Be7 7. Bd3 Nc6
8. Bf4 Be6 9. Qd2 Qd7 10. Ng5 Bf5 11. Bc4 Bg6 12. O-O-O h6 13. Nf3 O-O-O 14.
Bb5 a6 15. Ba4 b5 16. Bb3 Na5 17. Nd4 c5 18. c4 b4 19. Ne2 Nxb3+ 20. axb3 Be4
21. f3 Bb7 22. Ng3 g5 23. Be3 f5 24. Bf2 a5 25. Qd3 Rhf8 26. Rhe1 Bf6 27. Nxf5
Bxb2+ 28. Kxb2 Rxf5 29. Bg3 Rf6 30. Re2 a4 31. bxa4 Qxa4 32. Qh7 Qa3+ 33. Kb1
b3 34. cxb3 Qxb3+ 35. Kc1 Qxc4+ 36. Kd2 Qb4+ 37. Ke3 Qb3+ 38. Rd3 Re6+ 39. Kf2
Rxe2+ 40. Kxe2 Re8+ 41. Kd2 Qb2+ 42. Kd1 Qe2+ 43. Kc1 Be4 44. fxe4 Qxd3 45.
Qf5+ Kd8 46. Qf6+ Kd7 47. Qf5+ Kc6 48. Qh3 Rb8 49. Qc8+ Rxc8 50. Bxd6 Qxd6 0-1

[Event "DVM U14 2014"]
[Site "Regensburg GER"]
[Date "2014.12.29"]
[Round "5"]
[White "Petersen, Marcel"]
[Black "Liebelt, Jonas"]
[Result "1-0"]
[Termination "normal"]
[Board "5.3"]
[WhiteElo "1580"]
[BlackElo "1326"]
[WhiteTeam "Treptower SV 1949"]
[BlackTeam "SC Porta Westfalica"]
[PlyCount "89"]
[WhiteFideId "12935670"]
[BlackFideId "16200748"]
[EventCountry "GER"]
[EventRounds "7"]
[EventType "team-swiss"]
[EventDate "2014.12.26"]

1. e4 c5 2. Nf3 Nc6 3. d4 cxd4 4. Nxd4 g6 5. Nc3 Bg7 6. Be3 Nf6 7. Nxc6 bxc6 8.
Bc4 O-O 9. f3 d6 10. Qd2 Bd7 11. O-O Qc7 12. Bb3 Rac8 13. Rad1 Rfd8 14. Qf2 c5
15. Bd5 Bc6 16. Bxc6 Qxc6 17. e5 Nd7 18. Nd5 Re8 19. exd6 exd6 20. b3 Nb6 21.
c4 Nxd5 22. Rxd5 Re6 23. Rfd1 Rce8 24. R5d3 R8e7 25. Kf1 Be5 26. h3 f5 27. Bg5
Rf7 28. f4 Bg7 29. Re1 Re4 30. Qd2 Rd7 31. Rd5 Bd4 32. Rxe4 fxe4 33. Qc2 e3 34.
Qe4 Rf7 35. Rxd4 e2+ 36. Kxe2 Qxe4+ 37. Rxe4 Kg7 38. Re7 a6 39. Rxf7+ Kxf7 40.
Ke3 Ke6 41. Ke4 Kd7 42. Kd5 Kc7 43. Be7 Kb6 44. Bxd6 Ka5 45. Kxc5 1-0

[Event "DVM U14 2014"]
[Site "Regensburg GER"]
[Date "2014.12.29"]
[Round "5"]
[White "Götz, Michael"]
[Black "Hüls, Maximilian"]
[Result "0-1"]
[Termination "normal"]
[Board "5.4"]
[WhiteElo "1314"]
[BlackElo "1622"]
[WhiteTeam "SC Porta Westfalica"]
[BlackTeam "Treptower SV 1949"]
[PlyCount "142"]
[WhiteFideId "16200756"]
[BlackFideId "12949698"]
[EventCountry "GER"]
[EventRounds "7"]
[EventType "team-swiss"]
[EventDate "2014.12.26"]

1. c4 e5 2. Nc3 Nc6 3. g3 Nf6 4. d3 Bb4 5. Bd2 Bxc3 6. Bxc3 d6 7. Bg2 Be6 8. e3
Qd7 9. Nf3 h6 10. O-O O-O 11. Rb1 Bh3 12. Qc2 Bxg2 13. Kxg2 Qg4 14. Rfd1 Nh7
15. Qe2 f5 16. Ng1 Qg6 17. a3 Rae8 18. Qd2 f4 19. Nf3 Nd8 20. Re1 Ne6 21. Nh4
Qg4 22. Qe2 Qxe2 23. Rxe2 g5 24. Nf3 g4 25. exf4 gxf3+ 26. Kxf3 Nd4+ 27. Bxd4
exd4 28. Rd2 Nf6 29. b4 b6 30. c5 dxc5 31. bxc5 Nd7 32. cxb6 axb6 33. Rc2 c5
34. a4 Ne5+ 35. Ke2 Nc4+ 36. Kd1 Na3 37. Rxb6 Nxc2 38. Kxc2 Kg7 39. Kd2 Rf6 40.
Rb5 Rc6 41. a5 Ra8 42. Ke2 Kf6 43. Kf3 h5 44. h3 Rg8 45. g4 hxg4+ 46. hxg4 Ke6
47. Ke4 Rxg4 48. f3 Rg8 49. f5+ Kf6 50. Kf4 Rg5 51. Ke4 Rxf5 52. Rb6 Re6+ 53.
Rxe6+ Kxe6 54. a6 Rf8 55. f4 Ra8 56. f5+ Kd6 57. f6 Rxa6 58. f7 Ra8 59. Kf5 Ke7
60. Kg6 Rf8 61. Kf5 Rxf7+ 62. Ke5 Kd7 63. Kd5 Rf5+ 64. Kc4 Kc6 65. Kb3 Rf3 66.
Kc4 Re3 67. Kb3 Rxd3+ 68. Kc2 Rc3+ 69. Kd2 c4 70. Ke2 d3+ 71. Kf2 Rc2+ 0-1

[Event "DVM U14 2014"]
[Site "Regensburg GER"]
[Date "2014.12.29"]
[Round "5"]
[White "Herrmann, Luca"]
[Black "Wendler, David"]
[Result "0-1"]
[Termination "normal"]
[Board "6.1"]
[WhiteElo "1554"]
[BlackElo "1776"]
[WhiteTeam "SC Tarrasch München"]
[BlackTeam "SK Bebenhausen"]
[PlyCount "153"]
[WhiteFideId "2811834"]
[BlackFideId "12938360"]
[EventCountry "GER"]
[EventRounds "7"]
[EventType "team-swiss"]
[EventDate "2014.12.26"]

1. d4 Nf6 2. c4 c5 3. d5 b5 4. cxb5 a6 5. e3 g6 6. bxa6 Bxa6 7. Bxa6 Nxa6 8.
Nc3 Bg7 9. Nf3 O-O 10. O-O Qb6 11. e4 d6 12. Nd2 Nb4 13. Nc4 Qa6 14. Qe2 Nd7
15. Bg5 Rfe8 16. Rfc1 Ne5 17. Nxe5 Qxe2 18. Nxe2 Bxe5 19. Nc3 Nd3 20. Rc2 Nxb2
21. Rb1 Nd3 22. g3 Nb4 23. Rcc1 Nxa2 24. Nxa2 Rxa2 25. Rb7 f6 26. Be3 Ra4 27.
f3 Kf7 28. Rcb1 Rea8 29. Rc7 R4a7 30. Rc6 Ra1 31. Rxa1 Rxa1+ 32. Kf2 Ra2+ 33.
Kg1 f5 34. f4 Bf6 35. e5 Re2 36. Bxc5 Bxe5 37. fxe5 dxc5 38. e6+ Kf6 39. Rxc5
Rd2 40. Ra5 h6 41. Rb5 Ke5 42. Rb7 Rxd5 43. Rxe7 Kf6 44. Re8 Re5 45. Rh8 h5 46.
h4 Rxe6 47. Kg2 Kg7 48. Ra8 Kf6 49. Kf3 Rb6 50. Rf8+ Kg7 51. Ra8 Rb4 52. Ra7+
Kh6 53. Ra8 Rg4 54. Rh8+ Kg7 55. Ra8 f4 56. gxf4 Rxh4 57. Ra5 Rg4 58. Rb5 Kh6
59. Ra5 Rg1 60. Kf2 Rb1 61. Kg3 Rb3+ 62. Kh4 Rf3 63. Ra4 Kg7 64. Kg5 Rg3+ 65.
Kh4 Rg4+ 66. Kh3 Kf6 67. Ra6+ Kf5 68. Ra5+ Kxf4 69. Ra4+ Kg5 70. Ra5+ Kh6 71.
Ra6 Rb4 72. Kg3 h4+ 73. Kh3 Kh5 74. Ra5+ g5 75. Ra8 g4+ 76. Kg2 Rb2+ 77. Kh1
0-1

[Event "DVM U14 2014"]
[Site "Regensburg GER"]
[Date "2014.12.29"]
[Round "5"]
[White "Grimm, Ling Leander"]
[Black "Klenk, Sofie"]
[Result "1-0"]
[Termination "normal"]
[Board "6.2"]
[WhiteElo "1668"]
[BlackElo "1817"]
[WhiteTeam "SK Bebenhausen"]
[BlackTeam "SC Tarrasch München"]
[PlyCount "121"]
[WhiteFideId "12968277"]
[BlackFideId "12996653"]
[EventCountry "GER"]
[EventRounds "7"]
[EventType "team-swiss"]
[EventDate "2014.12.26"]

1. c4 {[%emt 0:00:00]} e5 2. Nc3 Nf6 3. g3 g6 4. Bg2 Bg7 5. d3 Nc6 6. Nf3 O-O
7. O-O d6 8. Ne1 Bf5 9. e3 Qd7 10. b3 Rfe8 11. Bb2 Rad8 12. Qd2 Bh3 13. e4 Nd4
14. Ne2 Bxg2 15. Kxg2 Nxe2 16. Qxe2 Qg4 17. Qxg4 Nxg4 18. h3 Nh6 19. b4 f6 20.
a4 c6 21. b5 d5 22. Nc2 dxc4 23. dxc4 Rd2 24. Rac1 Red8 25. Bc3 R2d7 26. bxc6
bxc6 27. Ba5 Rb8 28. Nb4 c5 29. Nd5 Nf7 30. Bc7 Rb7 31. Rfd1 Rbxc7 32. Nxc7
Rxc7 33. Rb1 Bf8 34. Rb8 Kg7 35. a5 Be7 36. a6 Nd6 37. Kf3 Rc6 38. Rd5 Kf7 39.
Ra8 Rxa6 40. Rxc5 Nxe4 41. Rc7 Ng5+ 42. Kg2 Ke6 43. Re8 Ra4 44. Rexe7+ Kd6 45.
Red7+ Ke6 46. c5 a5 47. g4 Rd4 48. Rxd4 exd4 49. c6 Kd6 50. Rd7+ Kxc6 51. Rxd4
Kb5 52. h4 Ne6 53. Rd6 Nf4+ 54. Kf3 Kc5 55. Rxf6 Nd5 56. Rf7 h5 57. gxh5 gxh5
58. Rf5 a4 59. Ke4 Kc4 60. Rxd5 Kc3 61. Rxh5 *